000 00427pab a2200157 454500
008 180718b2012 xxu||||| |||| 00| 0 eng d
100 _aLudden, David
245 _aEmpire meets globalisation: Explaining historical patterns of inequity in South Asia -
260 _c2012
300 _ap.213-221.
362 _a28 Jul
650 _aGlobalization
773 _aEconomic and Political Weekly
908 _aN
909 _a97485
999 _c97485
_d97485